| Поле | Инд. | ПП | Название | Значение |
|---|---|---|---|---|
| Тип записи | a | |||
| Библиографический уровень | m | |||
| 001 | Контрольный номер | a01a69bafcf34771a826973890664b2b | ||
| 005 | Дата корректировки | 20190423153730.2 | ||
| 008 | Кодируемые данные | 190423|||||||||ru |||||||||||||||||rus|| | ||
| 041 | 0_ | a | Код языка текста | rus |
| 084 | a | Индекс другой классификации/Индекс ББК | 94+39.42-082.022 | |
| 090 | a | Полочн. индекс | 94 | |
| x | Авторский знак | Б 87 | ||
| 100 | 1_ | a | Автор | Бражный А. И. |
| 245 | 10 | a | Заглавие | Навигационная безопасность каравана при морских и океанских буксировках плавучих сооружений |
| b | Продолж. заглавия | автореф. дис. ... канд. техн. наук : 05.22.19 | ||
| c | Ответственность | ФГБОУ ВО "Мурман. гос. техн. ун-т" | ||
| 260 | a | Место издания | Владивосток | |
| c | Дата издания | 2018 | ||
| 300 | a | Объем | 18 с. | |
| b | Иллюстрации/ тип воспроизводства | граф. | ||
| 504 | a | Библиография | Библиогр.: с. 18 | |
| 650 | 04 | a | Основная рубрика | Безопасность мореплавания-Навигационная безопасность-Авторефераты диссертаций |
| 653 | 0_ | a | Ключевые слова | Авторефераты диссертаций |
| a | Ключевые слова | Безопасность мореплавания | ||
| a | Ключевые слова | Буксировка | ||
| a | Ключевые слова | Буксируемые системы | ||
| a | Ключевые слова | Морские буксировки | ||
| a | Ключевые слова | Навигационная безопасность | ||
| a | Ключевые слова | Плавучие сооружения | ||
| 901 | t | Тип документа | r |